00592 2200205 4500001002100000005001500021035002000036007000300056008004100059020002200100082001000122084001600132100003100148245007300179250000600252260003600258300004700294700002800341990001700369INLIS00000000000114620260507080246 a0010-0923000131ta260507 j 0 ind  a978-602-8798-43-3 a2x2.6 a2x2.6 ANN m0 aAnna Fauziah ( Pengarang )1 aMiracles of Quran :bHealth /cAnna Fauziah ; Editor , Helfi Ghulam a- aJakarta :bPustaka Lebah,c2013 a39 :bilus. ;gambar berwarna ;c28.5 cme-1 aHelfi Ghulam ( Editor ) a00063/R/2014